Compilation of PSAs : (Record no. 9061)

MARC details
000 -LEADER
fixed length control field 00635nam a22001697a 4500
003 - CONTROL NUMBER IDENTIFIER
control field OSt
005 - DATE AND TIME OF LATEST TRANSACTION
control field 20260313002621.0
008 - FIXED-LENGTH DATA ELEMENTS--GENERAL INFORMATION
fixed length control field 260313b |||||||| |||| 00| 0 eng d
040 ## - CATALOGING SOURCE
Original cataloging agency DWCL Main lib
Transcribing agency OC
082 ## - DEWEY DECIMAL CLASSIFICATION NUMBER
Classification number Fil. 657.45 Al437c 2006
100 ## - MAIN ENTRY--PERSONAL NAME
Personal name Alliance of Accounting and Auditing Researchers (AAAR)
245 ## - TITLE STATEMENT
Title Compilation of PSAs :
Remainder of title Philippine Standards on Auditing with revisions and ammendments as at September 30, 2006
Statement of responsibility, etc. Alliance of Accounting and Auditing Researchers (AAAR)
260 ## - PUBLICATION, DISTRIBUTION, ETC.
Place of publication, distribution, etc. [S. l. : s. n.],
Date of publication, distribution, etc. c2006.
300 ## - PHYSICAL DESCRIPTION
Extent various paging ;
Dimensions 23 cm.
650 ## - SUBJECT ADDED ENTRY--TOPICAL TERM
Topical term or geographic name entry element 1. Auditing.
942 ## - ADDED ENTRY ELEMENTS (KOHA)
Source of classification or shelving scheme Dewey Decimal Classification
Koha item type Book-Filipiniana
Call number prefix Fil.
Suppress in OPAC No
952 ## - LOCATION AND ITEM INFORMATION (KOHA)
--
Holdings
Withdrawn status Lost status Source of classification or shelving scheme Damaged status Not for loan Home library Current library Shelving location Date acquired Source of acquisition Cost, normal purchase price Total Checkouts Full call number Barcode Date last seen Copy number Price effective from Koha item type Uniform Resource Identifier
    Dewey Decimal Classification     College Library College Library Filipiniana 06/22/2007 School Fund 780.00   Fil. 657.45 Al437c 2006 Cl44846 03/13/2026 c1 03/13/2026 BK - FIL